00580nam a2200169Ia 4500003000900000008004100009020001800050040001600068080001700084100001600101245016700117260003400284300001400318490003600332650002300368650001900391IN-BaIIA211028s9999 xx 000 0 eng d a3-540-66517-X cIIA Library a530.145bGRE aGreen, H. S 0aInformation theory and quantum physicsbphysical foundations for understanding the conscious processcH. S. Green  aBerlinbSpringer-Verlagc2000 aix, 244p. aTexts and monographs in physics aInformation theory aQuantum theory